|
|
|
|
| LEADER |
01107nam a2200229 a 4500 |
| 001 |
GR-MES2914 |
| 008 |
991111s1994 gr 000 0 gre d |
| 040 |
|
|
|a GrPaTEI
|b gre
|c GR-PaULI
|
| 245 |
0 |
2 |
|a Η αρχή τηρήσεως της προδικασίας κατά τον κώδικα πολιτικής δικονομίας
|n 24.
|
| 260 |
|
|
|a Αθήνα :
|b Σάκκουλας,
|c 1994
|
| 300 |
|
|
|a 218σελ.
|
| 490 |
1 |
|
|a Βιβλιοθήκη αστικού και δικονομικού δικαίου
|
| 500 |
|
|
|a βιβλιογραφία:σελ(199-212)
|
| 650 |
|
4 |
|a Δίκαιο
|
| 650 |
|
4 |
|a ΠΟΛΙΤΙΚΗ ΔΙΚΟΝΟΜΙΑ
|
| 650 |
|
4 |
|a ΠΡΟΔΙΚΑΣΙΑ
|
| 700 |
1 |
|
|a Μανιώτης, Δ.
|
| 830 |
|
0 |
|1 0015620
|1 2001
|a Βιβλιοθήκη αστικού και δικονομικού δικαίου
|
| 942 |
|
|
|2 ddc
|
| 952 |
|
|
|0 0
|1 0
|2 ddc
|4 0
|6 345_023000000000000_1_ΜΑΝ
|7 0
|9 267421
|a MSLG
|b MSLG
|c BSC
|d 2021-01-17
|e 24
|f 0
|g 0.00
|l 0
|o 345.023 1 ΜΑΝ
|p 2420000013894
|r 2021-01-17 00:00:00
|t 1
|w 2021-01-17
|y BK15
|x 19991111 0 1
|x GrPaTEI
|
| 971 |
|
|
|a .b25739591
|b 16-04-20
|c 13-09-16
|
| 999 |
|
|
|c 153942
|d 153942
|